| 000 | 00573nam a22001931cc4500 | ||
|---|---|---|---|
| 001 | a987687955+Band1 | ||
| 035 | _aa987687955 | ||
| 008 | 170721s1996 gw |||| 000u rus d | ||
| 020 |
_a5860040679 _95-86004-067-9 |
||
| 041 | _arus | ||
| 245 | 0 | 0 |
_aPartija "Sojuz 17 oktjabrja" _nBand 1 _p1905-1907 gg. |
| 264 |
_aMoskva : _bROSSPEN, _c1996-2000 |
||
| 300 | _a407 S. | ||
| 246 | 1 | 2 |
_aPartija "Sojuz 17 oktjabrja" : Protokoly s'ezdov i zasedanij CK ;. 1905-1907 gg. _nBand 1 |
| 773 | 0 | 8 |
_wa987687955 _qBand1 |
| 942 | _cMG | ||
| 040 | _cRU-10907106 | ||
| 003 | RU-10907106 | ||
| 999 |
_c27433 _d27433 |
||